| 000 | 00670nam a2200229 u 4500 | ||
|---|---|---|---|
| 005 | 20240228064237.0 | ||
| 008 | 160503s2007 eu r 000 0 spa d | ||
| 020 | _a1432904442 (10 dígitos) | ||
| 020 | _a9781432904449 (13 dígitos) | ||
| 035 | _aUPN01000210100 | ||
| 049 | _aI | ||
| 050 | 4 |
_aPZ71 _bE2.3 |
|
| 100 | 1 |
_aEasterling, Lisa _939325 |
|
| 245 | 1 | 0 |
_aFamilias / _cLisa Easterling. |
| 260 |
_aChicago, Ill. : _bHeinemann Library, _c2007. |
||
| 300 |
_a24 p. : _bil. col. |
||
| 440 | 0 | _aNuestra comunidad global | |
| 650 | 4 |
_aFamilias _xConducta de vida _99121 |
|
| 650 | 4 |
_aLibros y lectura para niños _92290 |
|
| 905 | _aInfantil | ||
| 999 |
_c182201 _d182201 |
||